000 00621nam a22001457a 4500
020 _a978-0-143-41865-8
082 _a823
_bMUR/D
100 _aMURTY, SUDHA
245 _aTHE DAY I STOPPED DRINKING MILK
260 _aDELHI
_bPENGUIN BOOKS
_c2012
300 _a212
520 _aThe Day I Stopped Drinking Milk is about a family in Odisha who want to offer her something to eat or drink but she is unable to accept the glass of milk they offer her. How the perceptions of people regarding India have changed in the United States in 30 years is what Changing India is about.
650 _aENGLISH STORY
_zINDIA
942 _cBK
999 _c7343
_d7343